The cambridge companion to french music
Saved in:
| Format: | Bog |
|---|---|
| Sprog: | engelsk |
| Udgivet: |
Cambridge university press
2015.
|
| Tags: |
Tilføj Tag
Ingen Tags, Vær først til at tagge denne postø!
|
MARC
| LEADER | 00000nam a22000007a 4500 | ||
|---|---|---|---|
| 008 | 210909b ||||| |||| 00| 0 eng d | ||
| 020 | |a 9780521701761 | ||
| 245 | |a The cambridge companion to french music |c Edited by; Simon Trezise . |g xix, 417p:ill. | ||
| 260 | |b Cambridge university press |c 2015. |d Book. |h United Kingdom |i 896840 |i 896841 |l ML 270.C14 |m Music- France- History and Criticism. |m Trezise,Simon, editor of compilation | ||
| 500 | |a "It includes index and bibliography". | ||
| 942 | |a lcc |c BK |e Olagoke ,M.A. |f 10/09/2021 | ||
| 952 | |0 0 |1 0 |2 lcc |4 0 |6 ML0270 C14 |7 0 |9 3503 |a HOL |b ED |c LP |d 2021-09-09 |o ML 270.C14 |p 2021-67236 |r 2021-09-09 00:00:00 |w 2021-09-09 |y BK | ||
| 952 | |0 0 |1 0 |2 lcc |4 0 |7 0 |9 3504 |a HOL |b HOL |c LP |d 2021-09-09 |o ML 270.C14 |p 2021-67235 |r 2021-09-09 00:00:00 |w 2021-09-09 |y BK | ||
| 999 | |c 1739 |d 1739 | ||